Parti Politique Français - Statistiques

Statistiques générales
  • Ce quiz a été pris 157 fois
  • Le résultat moyen est 9 sur 16
Statistiques - réponses
Par images Réponse % Correct
Rassemblement National
96%
Les Républicains
95%
Parti Socialiste
94%
Europe Ecologie Les Verts
89%
La France Insoumise
87%
Parti Communiste Français
87%
Reconquête
79%
Renaissance
76%
Nouveau Parti Anticapitaliste
44%
Mouvement Démocrate
42%
Résistons
24%
Union Populaire Républicaine
12%
Union des démocrates et indépendants
11%
Union des droites pour la République
9%
Le Parti de la France
5%
Identité-Libertés
4%
Aucun quiz correspondant
Distribution des résultats
% des personnes avec chaque résultat
Percentile par nombre de réponses
Votre historique - résultats
Vous n’avez pas pris ce quiz